00261nam a2200097Ia 4500008004100000082001200041100001800053245007400071260000900145300000900154190415s9999 xx 000 0 und d aRG.0052 aGopal Krishan 0aRegional disparities in levels of socio-economic developmentin Punjab c1980 av.p.